El sol /
Guardado en:
| Autor Principal: | |
|---|---|
| Formato: | Libro |
| Publicado: |
Buenos Aires :
Eudeba,
1962
|
| Materias: | |
| Etiquetas: |
Agregar Etiqueta
Sin Etiquetas, Sea el primero en etiquetar este registro!
|
| LEADER | 01282nam a22002055a 4500 | ||
|---|---|---|---|
| 001 | CEM.cems000303 | ||
| 005 | 20061013160337.0 | ||
| 008 | 130507s1962##################000#0#####d | ||
| 003 | CEMS | ||
| 082 | 0 | 4 | |a 523.7 |
| 100 | 1 | |a Abetti, Giorgio | |
| 245 | 1 | 0 | |a El sol / |c Giorgio Abetti |
| 260 | |a Buenos Aires : |b Eudeba, |c 1962 | ||
| 300 | |a 315 p. | ||
| 505 | 0 | |a Notas históricas -- Importancia de los estudios solares -- Distancia y dimensiones del sol -- Cómo se observa el sol -- Telescopios visuales y fotográficos -- Helioscopios -- Espectroscopios -- Espectrógrafos -- Espectroheliógrafos -- Instrumentos auxiliares -- Luminosidad del sol -- Las manchas --Las fáculas -- Distribución y periodicidad de las manchas y las fáculas -- Rotación del sol -- La observación espectrocóspica del sol -- El coronógrafo y el filtro polarizador -- Los eclipses totales de sol -- Constitución física del sol -- Teoría de la ionización -- Interpretación de las rayas de Fraunhofer -- Análisis cuantitativo del sol -- Radiación y temperatura del sol -- El sol considerado como una estrella -- El sol y la tierra | |
| 653 | |a Astronomía | ||
| 653 | |a Sol | ||
| 653 | |a Sol-constitución | ||
| 653 | |a Sol-espectroscopía | ||
| 859 | |a CEMS |b BIB. CEMS - 11 de abril |h 523.7 |i Ab39 |p 2685.74 |t Ej.1 | ||
